[Event "Cardiff Welsh op"]
[Site "Cardiff"]
[Date "2022.04.17"]
[Round "5"]
[White "Sud, Arnav"]
[Black "Williams, Duncan"]
[Result "0-1"]
[WhiteElo "1425"]
[BlackElo "1725"]
[PlyCount "112"]
[EventDate "2022.04.15"]
[EventType "swiss"]
[EventRounds "7"]
[EventCountry "WLS"]
[SourceTitle "CBM 207 Extra"]
[Source "ChessBase"]
[SourceDate "2022.05.31"]
[SourceVersion "1"]
[SourceVersionDate "2022.05.31"]
[SourceQuality "1"]

1. e4 e5 2. Nf3 Nc6 3. Bc4 Nf6 4. Ng5 d5 5. exd5 Na5 6. Bb5+ c6 7. dxc6 bxc6 8. Be2 h6 9. Nf3 Bd6 10. 0-0 0-0 11. d3 Nd5 12. Re1 f5 13. c4 Nf6 14. a3 e4 15. Nd4 Bxh2+ 16. Kxh2 Qxd4 17. Kg1 Ng4 18. Rf1 e3 19. fxe3 Nxe3 20. Bxe3 Qxe3+ 21. Kh1 Qd4 22. Qc2 Rb8 23. Ra2 Nb3 24. Nd2 Qh4+ 25. Kg1 Nd4 26. Nf3 Qf6 27. Nxd4 Qxd4+ 28. Kh1 f4 29. b4 Qf6 30. Bf3 g5 31. g4 h5 32. Qg2 hxg4 33. Bxg4 Rf7 34. Bxc8 Rxc8 35. Qg4 Rh7+ 36. Rh2 Rcc7 37. Rxh7 Rxh7+ 38. Kg2 Rh4 39. Qc8+ Kg7 40. Qd7+ Kh6 41. Rh1 Qb2+ 42. Kf3 Rxh1 43. Qxc6+ Kh5 44. Qe8+ Kh4 45. Qf8 Rf1+ 46. Ke4 Re1+ 47. Kd5 Qe5+ 48. Kc6 Qe6+ 49. Kc7 Qe7+ 50. Qxe7 Rxe7+ 51. Kd6 Re3 52. c5 f3 53. d4 f2 54. d5 f1Q 55. c6 Qf8+ 56. Kd7 Qf7+ 0-1